[Event "18.Città di Padova Open A"]
[Site "Padova"]
[Date "2015.12.20"]
[Round "9.6"]
[White "Georgiev, Kiril"]
[Black "Manca, Federico"]
[Result "1-0"]
[WhiteElo "2627"]
[BlackElo "2409"]
[Annotator "Gabriele Ballarin"]
[PlyCount "121"]
[EventDate "2015.12.13"]
[EventType "swiss"]
[EventRounds "9"]
[EventCountry "ITA"]
[SourceTitle "The Week in Chess 1102"]
[Source "Mark Crowther"]
[SourceDate "2015.12.21"]
[SourceVersion "1"]
[SourceVersionDate "2015.12.21"]
[SourceQuality "2"]

1. d4 Nf6 2. Nf3 e6 3. c4 Bb4+ 4. Nbd2 d5 5. Qa4+ Nc6 6. a3 Be7 7. e3 O-O 8. Qc2 Nb8 9. b4 b6 10. Bb2 Bb7 11. c5 c6 12. Bd3 a5 13. O-O Ba6 14. Bxa6 Rxa6 15. Ne5 bxc5 16. bxc5 Nbd7 17. Nd3 Qa8 18. Bc3 Bd8 19. Rab1 Bc7 20. f4 Ra7 21. h3 Rb7 22. Rxb7 Qxb7 23. Rb1 Qa6 24. Nc1 Kh8 25. Qd3 Qa8 26. Rb2 Kg8 27. Qb1 Qa6 28. Rb7 Rc8 29. Nd3 Rb8 30. Rxb8+ Bxb8 31. Kf2 Ne8 32. Nb2 f5 33. g4 g6 34. g5 h6 35. h4 hxg5 36. hxg5 Bc7 37. Qf1 Qa8 38. Qd1 e5 39. fxe5 Ng7 40. Nd3 Ne6 41. Qa4 Nxg5 42. Nb4 Nb8 43. Nxd5 cxd5 44. Qe8+ Kg7 45. Qe7+ Kh6 46. Qxc7 Nc6 47. Qd7 Ne4+ 48. Nxe4 fxe4 49. Qd6 a4 50. e6 Qe8 51. Ke1 Ne7 52. Bb4 Nc6 53. Bd2 Ne7 54. Qf4+ Kg7 55. Qe5+ Kg8 56. Qd6 Kg7 57. c6 Nxc6 58. Qxd5 Nd8 59. Qe5+ Kh6 60. d5 Qe7 61. Qxe4 1-0

[Event "18.Città di Padova Open A"]
[Site "Padova"]
[Date "2015.12.20"]
[Round "9.7"]
[White "Zelcic, Robert"]
[Black "Sonis, Francesco"]
[Result "1/2-1/2"]
[WhiteElo "2520"]
[BlackElo "2317"]
[Annotator "Gabriele Ballarin"]
[PlyCount "130"]
[EventDate "2015.12.13"]
[EventType "swiss"]
[EventRounds "9"]
[EventCountry "ITA"]
[SourceTitle "The Week in Chess 1102"]
[Source "Mark Crowther"]
[SourceDate "2015.12.21"]
[SourceVersion "1"]
[SourceVersionDate "2015.12.21"]
[SourceQuality "2"]

1. e4 c5 2. Nf3 d6 3. d4 cxd4 4. Qxd4 a6 5. c4 Nc6 6. Qd1 g6 7. Be2 Bg7 8. O-O Nf6 9. Nc3 O-O 10. h3 Rb8 11. Be3 Bd7 12. Nd2 Ne8 13. Nb3 b5 14. cxb5 axb5 15. Bxb5 Bxc3 16. Bxc6 Bxb2 17. Bxd7 Qxd7 18. Rb1 Bg7 19. Nc5 Qc7 20. Rxb8 dxc5 21. Rb5 Qc6 22. Rxc5 Qxe4 23. Qc2 Qe6 24. Rc8 Nd6 25. Rxf8+ Bxf8 26. Qb3 Qe4 27. Rd1 Nf5 28. a4 e6 29. a5 Nh4 30. f3 Nxf3+ 31. gxf3 Qxf3 32. Rd3 Qg3+ 33. Kf1 Qxh3+ 34. Ke1 Qh4+ 35. Kd2 Bb4+ 36. Kc1 Qh1+ 37. Kb2 Qh2+ 38. Qc2 Qe5+ 39. Bd4 Qxa5 40. Bf6 Bf8 41. Rb3 Qa7 42. Qh2 h5 43. Qf4 Kh7 44. Bd4 Qxd4+ 45. Qxd4 Bg7 46. Kc3 h4 47. Rb7 Bxd4+ 48. Kxd4 Kg7 49. Ke5 g5 50. Rb1 Kg6 51. Rf1 h3 52. Rh1 f6+ 53. Ke4 f5+ 54. Ke3 g4 55. Kf4 e5+ 56. Kg3 Kg5 57. Re1 e4 58. Kh2 Kf4 59. Rf1+ Ke5 60. Kg3 e3 61. Ra1 Ke4 62. Ra4+ Ke5 63. Ra5+ Ke4 64. Ra4+ Ke5 65. Ra5+ Ke4 1/2-1/2

[Event "18.Città di Padova Open A"]
[Site "Padova"]
[Date "2015.12.20"]
[Round "9.8"]
[White "Movileanu, Daniela"]
[Black "Godena, Michele"]
[Result "1/2-1/2"]
[WhiteElo "2195"]
[BlackElo "2499"]
[Annotator "Gabriele Ballarin"]
[PlyCount "40"]
[EventDate "2015.12.13"]
[EventType "swiss"]
[EventRounds "9"]
[EventCountry "ITA"]
[SourceTitle "The Week in Chess 1102"]
[Source "Mark Crowther"]
[SourceDate "2015.12.21"]
[SourceVersion "1"]
[SourceVersionDate "2015.12.21"]
[SourceQuality "2"]

1. e4 e5 2. Nf3 Nc6 3. Bb5 a6 4. Ba4 Nf6 5. Bxc6 dxc6 6. d3 Nd7 7. Nbd2 Be7 8. Nc4 Bf6 9. Bd2 O-O 10. Bc3 Re8 11. O-O c5 12. a4 b6 13. Nfd2 Nf8 14. Ne3 Ng6 15. Nf5 Be6 16. g3 Qd7 17. f4 exf4 18. Nh6+ gxh6 19. Bxf6 Bh3 20. Qh5 Qe6 1/2-1/2

[Event "18.Città di Padova Open A"]
[Site "Padova"]
[Date "2015.12.20"]
[Round "9.9"]
[White "Swayams, Mishra"]
[Black "Brunello, Marina"]
[Result "1/2-1/2"]
[WhiteElo "2477"]
[BlackElo "2342"]
[Annotator "Gabriele Ballarin"]
[PlyCount "72"]
[EventDate "2015.12.13"]
[EventType "swiss"]
[EventRounds "9"]
[EventCountry "ITA"]
[SourceTitle "The Week in Chess 1102"]
[Source "Mark Crowther"]
[SourceDate "2015.12.21"]
[SourceVersion "1"]
[SourceVersionDate "2015.12.21"]
[SourceQuality "2"]

1. d4 d5 2. c4 c6 3. Nf3 Nf6 4. Nc3 e6 5. Bg5 dxc4 6. e4 b5 7. e5 h6 8. Bh4 g5 9. Bg3 Nd5 10. Nd2 Bb7 11. Be2 Nd7 12. a4 a6 13. O-O Qb6 14. Nde4 Be7 15. Qd2 c5 16. Nxd5 exd5 17. Bg4 cxd4 18. Nd6+ Bxd6 19. exd6 O-O-O 20. axb5 axb5 21. Be5 Rhe8 22. Bxd4 Qxd6 23. Ra5 Qc6 24. Bf5 Kc7 25. Qb4 Ba6 26. Rfa1 Ra8 27. h3 Kb7 28. Qa3 Ne5 29. Bxe5 Rxe5 30. Bd7 Qxd7 31. Rxa6 Re1+ 32. Rxe1 Rxa6 33. Qc5 Re6 34. Ra1 Ra6 35. Re1 Re6 36. Ra1 Ra6 1/2-1/2

[Event "18.Città di Padova Open A"]
[Site "Padova"]
[Date "2015.12.20"]
[Round "9.10"]
[White "Valsecchi, Alessio"]
[Black "Lazic, Miroljub"]
[Result "1-0"]
[WhiteElo "2466"]
[BlackElo "2466"]
[Annotator "Gabriele Ballarin"]
[PlyCount "123"]
[EventDate "2015.12.13"]
[EventType "swiss"]
[EventRounds "9"]
[EventCountry "ITA"]
[SourceTitle "The Week in Chess 1102"]
[Source "Mark Crowther"]
[SourceDate "2015.12.21"]
[SourceVersion "1"]
[SourceVersionDate "2015.12.21"]
[SourceQuality "2"]

1. e4 d6 2. d4 Nf6 3. Nc3 c6 4. Nf3 Bg4 5. h3 Bxf3 6. Qxf3 e6 7. Bd3 d5 8. Bg5 Be7 9. e5 Nfd7 10. Bxe7 Qxe7 11. O-O O-O 12. Ne2 c5 13. c3 Nc6 14. a3 f6 15. exf6 Rxf6 16. Qe3 e5 17. dxe5 Qxe5 18. Rad1 Re8 19. Bb5 Qxe3 20. fxe3 Rxf1+ 21. Kxf1 Nb6 22. Nf4 d4 23. cxd4 cxd4 24. Rxd4 Rxe3 25. Rd6 Rb3 26. Bxc6 bxc6 27. Rxc6 Rxb2 28. Rc7 Rb5 29. g4 Rb3 30. Kg2 Rxa3 31. Nh5 g6 32. Nf6+ Kf8 33. Rxh7 Rd3 34. Rxa7 Nd5 35. Nh7+ Kg8 36. Ng5 Nf4+ 37. Kh2 Re3 38. Ra4 Ne6 39. Ra8+ Nf8 40. Ra7 Rd3 41. Ne4 Nh7 42. Re7 Ra3 43. h4 Rb3 44. Kg2 Ra3 45. Kf2 Rb3 46. Ra7 Rd3 47. g5 Rh3 48. Ra4 Rd3 49. Ra8+ Kf7 50. Ra7+ Kg8 51. Kg2 Rb3 52. Nf2 Rb5 53. Ne4 Rb3 54. Nd6 Rb4 55. Nf7 Rxh4 56. Nh6+ Kf8 57. Rf7+ Ke8 58. Rxh7 Rh5 59. Rh8+ Kd7 60. Nf7 Ke6 61. Rxh5 gxh5 62. Nh6 1-0

[Event "18.Città di Padova Open A"]
[Site "Padova"]
[Date "2015.12.20"]
[Round "9.11"]
[White "Mrdja, Milan"]
[Black "Naumkin, Igor"]
[Result "1-0"]
[WhiteElo "2365"]
[BlackElo "2446"]
[Annotator "Gabriele Ballarin"]
[PlyCount "79"]
[EventDate "2015.12.13"]
[EventType "swiss"]
[EventRounds "9"]
[EventCountry "ITA"]
[SourceTitle "The Week in Chess 1102"]
[Source "Mark Crowther"]
[SourceDate "2015.12.21"]
[SourceVersion "1"]
[SourceVersionDate "2015.12.21"]
[SourceQuality "2"]

1. e4 e5 2. Nf3 Nc6 3. Bb5 a6 4. Ba4 Nf6 5. O-O Nxe4 6. d4 b5 7. Bb3 d5 8. dxe5 Be6 9. Be3 Be7 10. Nbd2 Nc5 11. c3 Qd7 12. Bc2 Bg4 13. Qb1 Bh5 14. Bf5 Ne6 15. g4 Bg6 16. Nb3 a5 17. Qd3 Ncd8 18. Rad1 c6 19. h4 O-O 20. h5 Bxf5 21. gxf5 Nc7 22. Kh1 a4 23. Nc5 Qe8 24. Rg1 f6 25. h6 Qh5+ 26. Nh2 Ne8 27. Nd7 fxe5 28. Nxf8 Bxf8 29. hxg7 Bd6 30. Rg2 Nf7 31. f3 Nf6 32. Kg1 e4 33. fxe4 Nxe4 34. Qe2 Qxf5 35. Rf1 Qe6 36. Qg4 Qxg4 37. Nxg4 h5 38. Nh6+ Nxh6 39. Bxh6 Ng3 40. Rf8+ 1-0

[Event "18.Città di Padova Open A"]
[Site "Padova"]
[Date "2015.12.20"]
[Round "9.12"]
[White "Lanzani, Mario"]
[Black "Codenotti, Marco"]
[Result "1/2-1/2"]
[WhiteElo "2308"]
[BlackElo "2405"]
[Annotator "Gabriele Ballarin"]
[PlyCount "92"]
[EventDate "2015.12.13"]
[EventType "swiss"]
[EventRounds "9"]
[EventCountry "ITA"]
[SourceTitle "The Week in Chess 1102"]
[Source "Mark Crowther"]
[SourceDate "2015.12.21"]
[SourceVersion "1"]
[SourceVersionDate "2015.12.21"]
[SourceQuality "2"]

1. e4 c5 2. Nf3 d6 3. d4 cxd4 4. Nxd4 Nf6 5. Nc3 a6 6. Be3 e5 7. Nf3 Be7 8. Bc4 O-O 9. O-O Qc7 10. Bb3 Be6 11. Bg5 Nbd7 12. Bxf6 Nxf6 13. Nd5 Bxd5 14. Bxd5 Rab8 15. c4 Qa5 16. a3 Nxd5 17. cxd5 f5 18. Re1 fxe4 19. Rxe4 Rbc8 20. h4 Qc5 21. Qd2 Qc2 22. Qxc2 Rxc2 23. Rb4 b5 24. a4 Rf4 25. Rxf4 exf4 26. axb5 axb5 27. Ra7 Bf6 28. Rb7 Rc5 29. Ng5 Bxg5 30. hxg5 Rxd5 31. Rd7 f3 32. g6 hxg6 33. gxf3 g5 34. Kf1 Kh7 35. Ke2 Kg6 36. Ke3 Kf6 37. b4 g6 38. Ke4 Rd1 39. Rb7 Re1+ 40. Kd4 Re5 41. Rd7 Ke6 42. Rg7 Rf5 43. Rxg6+ Kd7 44. Ke4 Re5+ 45. Kd4 Kc6 46. f4 gxf4 1/2-1/2

[Event "18.Città di Padova Open A"]
[Site "Padova"]
[Date "2015.12.20"]
[Round "9.13"]
[White "Solomon, Kenny"]
[Black "De Santis, Alessio"]
[Result "1/2-1/2"]
[WhiteElo "2215"]
[BlackElo "2330"]
[Annotator "Gabriele Ballarin"]
[PlyCount "136"]
[EventDate "2015.12.13"]
[EventType "swiss"]
[EventRounds "9"]
[EventCountry "ITA"]

1. e4 d5 2. exd5 Qxd5 3. Nc3 Qd6 4. d4 Nf6 5. Nf3 a6 6. g3 b5 7. Bg2 Bb7 8. O-O e6 9. Bf4 Qd8 10. Qe2 Nbd7 11. Rfd1 Be7 12. Ne5 Bxg2 13. Kxg2 Nb6 14. Nc6 Qd7 15. Nxe7 Qxe7 16. Bg5 h6 17. Bxf6 Qxf6 18. a4 b4 19. a5 bxc3 20. axb6 cxb2 21. Rxa6 O-O 22. bxc7 Qe7 23. Rxa8 Rxa8 24. Qa6 Qe8 25. Qb7 Rc8 26. Rb1 Qd7 27. Rxb2 Rxc7 28. Qe4 Rc8 29. h4 Qa4 30. Qd3 Qc6+ 31. f3 h5 32. Kf2 g6 33. Ke2 Qc7 34. Kf2 Qc6 35. Qe3 Qa4 36. c3 Qa3 37. Rc2 Qb3 38. Qd2 Rc4 39. Kg2 Kg7 40. Kh2 Rc8 41. Kg2 Rc4 42. Kf2 Rc8 43. Qc1 Qc4 44. Qe3 Qb3 45. Qd2 Kg8 46. Kg2 Kg7 47. Kh3 Qc4 48. Qe3 Qf1+ 49. Kh2 Qc4 50. Qe5+ Kg8 51. Qe4 Qb3 52. Qd3 Kg7 53. Qd2 Qd5 54. Qe2 Qb3 55. c4 Rd8 56. Rd2 Rc8 57. c5 Qd5 58. f4 Kg8 59. Qg2 Qc4 60. Qb7 Rd8 61. c6 Qc3 62. Ra2 Rxd4 63. c7 Rc4 64. Ra8+ Kh7 65. c8=Q Qc2+ 66. Kh3 Qf5+ 67. Kg2 Qc2+ 68. Kh3 Qf5+ 1/2-1/2

[Event "18.Città di Padova Open A"]
[Site "Padova"]
[Date "2015.12.20"]
[Round "9.15"]
[White "Laketic, Gojko"]
[Black "Santolini, Luigi"]
[Result "1/2-1/2"]
[WhiteElo "2419"]
[BlackElo "2156"]
[Annotator "Gabriele Ballarin"]
[PlyCount "147"]
[EventDate "2015.12.13"]
[EventType "swiss"]
[EventRounds "9"]
[EventCountry "ITA"]

1. d4 Nf6 2. Nf3 e6 3. c4 d5 4. Nc3 c5 5. cxd5 Nxd5 6. e3 cxd4 7. exd4 Nc6 8. Bd3 Be7 9. O-O O-O 10. Re1 Bf6 11. Be4 Nde7 12. Qd3 g6 13. Bh6 Bg7 14. Bxg7 Kxg7 15. a3 b6 16. d5 exd5 17. Nxd5 Nxd5 18. Bxd5 Bb7 19. Qc3+ Qf6 20. Rac1 Rac8 21. Qxf6+ Kxf6 22. Ne5 Nxe5 23. Bxb7 Rxc1 24. Rxc1 Rd8 25. h3 Rd7 26. Ba6 g5 27. Kf1 h5 28. Ke2 h4 29. Rc3 Re7 30. Re3 Rc7 31. Kd1 Ng6 32. g3 Rd7+ 33. Kc1 Rc7+ 34. Kd2 Rd7+ 35. Ke2 Rc7 36. Rf3+ Kg7 37. Kd2 f6 38. Re3 Kf7 39. Be2 f5 40. Bh5 Kf6 41. Bxg6 Kxg6 42. Re6+ Kf7 43. Rh6 Kg7 44. Rd6 hxg3 45. fxg3 Re7 46. a4 Kf7 47. h4 gxh4 48. gxh4 Kg7 49. b3 Kf7 50. h5 Kg7 51. Rg6+ Kf7 52. Rd6 Kg7 53. Rc6 f4 54. Rg6+ Kh7 55. Rf6 Re3 56. Rxf4 Rxb3 57. Kc2 Rh3 58. Rf7+ Kg8 59. Rxa7 Rxh5 60. Kb3 Kf8 61. Rb7 Ke8 62. Kb4 Kd8 63. Rxb6 Kc7 64. a5 Rg5 65. Ka4 Rg8 66. Kb5 Rb8 67. Ka6 Ra8+ 68. Kb5 Rb8 69. Kc5 Rxb6 70. axb6+ Kb7 71. Kb5 Kb8 72. Kc6 Kc8 73. b7+ Kb8 74. Kb6 1/2-1/2

[Event "18.Città di Padova Open A"]
[Site "Padova"]
[Date "2015.12.20"]
[Round "9.16"]
[White "Massironi, Marco"]
[Black "Vezzosi, Paolo"]
[Result "0-1"]
[WhiteElo "2242"]
[BlackElo "2369"]
[Annotator "Gabriele Ballarin"]
[PlyCount "78"]
[EventDate "2015.12.13"]
[EventType "swiss"]
[EventRounds "9"]
[EventCountry "ITA"]

1. e4 e6 2. d4 d5 3. Nc3 Bb4 4. a3 Bxc3+ 5. bxc3 dxe4 6. f3 c5 7. Bf4 Nc6 8. fxe4 cxd4 9. Nf3 Nf6 10. Bd3 Qa5 11. Rb1 e5 12. Rb5 Qxc3+ 13. Bd2 Qxa3 14. Nxe5 O-O 15. O-O Nxe5 16. Rxe5 Ng4 17. Rg5 Ne3 18. Qh5 f6 19. e5 f5 20. Bxe3 dxe3 21. Bc4+ Kh8 22. Bf7 g6 23. Bxg6 Qe7 24. Bxh7 Qxh7 25. Qf3 f4 26. Rh5 Bf5 27. Rxh7+ Bxh7 28. Qg4 Rf5 29. Qh4 Raf8 30. e6 e2 31. Re1 Re5 32. e7 Rf7 33. Qg4 Rfxe7 34. Qxf4 Bxc2 35. Qh4+ Kg7 36. Qg3+ Bg6 37. h4 Kh7 38. Qf3 Bh5 39. g4 Bxg4 0-1

[Event "18.Città di Padova Open A"]
[Site "Padova"]
[Date "2015.12.20"]
[Round "9.17"]
[White "Pozzobon, Davide"]
[Black "Aghayev, Miragha"]
[Result "0-1"]
[WhiteElo "2037"]
[BlackElo "2367"]
[Annotator "Gabriele Ballarin"]
[PlyCount "74"]
[EventDate "2015.12.13"]
[EventType "swiss"]
[EventRounds "9"]
[EventCountry "ITA"]

1. e4 c5 2. Nf3 d6 3. d4 Nf6 4. e5 dxe5 5. dxe5 Qxd1+ 6. Kxd1 Ng4 7. Ke1 Nc6 8. Bf4 g5 9. Bxg5 Ngxe5 10. Nbd2 Bf5 11. Nxe5 Nxe5 12. Bb5+ Nd7 13. Be3 Rg8 14. Nb3 a6 15. Bxd7+ Bxd7 16. Nxc5 Bc6 17. Rg1 Rxg2 18. Rxg2 Bxg2 19. Ke2 Bc6 20. f3 Bg7 21. Rg1 Kf8 22. Ne4 Rc8 23. c3 Bd5 24. Ng5 f6 25. Ne4 Bxa2 26. Ng3 Be6 27. Nh5 Bh8 28. Rd1 Ke8 29. Bh6 Kf7 30. Ke3 Bb3 31. Rg1 Rd8 32. Rg4 Rg8 33. Rb4 Bd5 34. Nf4 Bc6 35. Nd3 b5 36. Bf4 a5 37. Rd4 e5 0-1

[Event "18.Città di Padova Open A"]
[Site "Padova"]
[Date "2015.12.20"]
[Round "9.19"]
[White "Rossi, Carlo"]
[Black "Varvaglione, Antonio"]
[Result "0-1"]
[WhiteElo "2284"]
[BlackElo "2247"]
[Annotator "Gabriele Ballarin"]
[PlyCount "84"]
[EventDate "2015.12.13"]
[EventType "swiss"]
[EventRounds "9"]
[EventCountry "ITA"]

1. Nc3 g6 2. e4 Bg7 3. Bc4 d6 4. f4 Nf6 5. d3 O-O 6. Nf3 c6 7. Bb3 Na6 8. d4 b5 9. e5 Ng4 10. e6 f5 11. h3 Nf6 12. g4 b4 13. Ne2 Ne4 14. Qd3 Nc7 15. gxf5 gxf5 16. Rg1 Qe8 17. Ng5 Ba6 18. Qf3 Qg6 19. Be3 d5 20. O-O-O Nxe6 21. h4 N6xg5 22. hxg5 Bb5 23. Rg2 a5 24. a4 bxa3 25. Rh1 a4 26. Ba2 axb2+ 27. Kxb2 a3+ 28. Ka1 Bxe2 29. Rxe2 Nc3 30. Reh2 Nxa2 31. Kxa2 Rfb8 32. Bc1 Bxd4 33. c3 Bg7 34. Rxh7 d4 35. Qe2 Qf7+ 36. Ka1 a2 37. Rxg7+ Qxg7 38. Qc4+ Qf7 39. Qxf7+ Kxf7 40. Bb2 Rxb2 41. Kxb2 a1=Q+ 42. Rxa1 dxc3+ 0-1

[Event "18.Città di Padova Open A"]
[Site "Padova"]
[Date "2015.12.20"]
[Round "9.20"]
[White "Cocchi, Andrea"]
[Black "Redo, Giorgio"]
[Result "1-0"]
[WhiteElo "2251"]
[BlackElo "2055"]
[Annotator "Gabriele Ballarin"]
[PlyCount "65"]
[EventDate "2015.12.13"]
[EventType "swiss"]
[EventRounds "9"]
[EventCountry "ITA"]

1. Nf3 f5 2. g3 Nf6 3. Bg2 d5 4. c4 d4 5. b4 c5 6. Bb2 Nc6 7. b5 Na5 8. d3 Qd6 9. Qa4 b6 10. Nxd4 cxd4 11. Bxa8 e5 12. Bg2 e4 13. c5 Qxc5 14. O-O Bd7 15. Bxd4 Qd6 16. dxe4 Nxe4 17. Rd1 Qe6 18. Nc3 a6 19. Nxe4 fxe4 20. Qc2 Bxb5 21. Bxe4 Nc4 22. a4 Bd7 23. Bf3 h5 24. Rac1 b5 25. axb5 axb5 26. Qe4 Kf7 27. Qb7 Nd6 28. Qa8 Kg6 29. Bc5 Nc8 30. Qe4+ Kh6 31. Qf4+ g5 32. Bxf8+ Kh7 33. Qxg5 1-0

[Event "18.Città di Padova Open A"]
[Site "Padova"]
[Date "2015.12.20"]
[Round "9.21"]
[White "Santagati, Alessandro"]
[Black "Vatkali, Dimitra"]
[Result "1/2-1/2"]
[WhiteElo "2262"]
[BlackElo "1983"]
[Annotator "Gabriele Ballarin"]
[PlyCount "76"]
[EventDate "2015.12.13"]
[EventType "swiss"]
[EventRounds "9"]
[EventCountry "ITA"]

1. e4 c6 2. d4 d5 3. Nc3 dxe4 4. Nxe4 Bf5 5. Ng3 Bg6 6. Nh3 e6 7. Nf4 Bd6 8. h4 Qc7 9. Nfh5 Bxh5 10. Nxh5 g6 11. Ng3 Bxg3 12. fxg3 Qxg3+ 13. Kd2 Nf6 14. Qf3 Qxf3 15. gxf3 Nbd7 16. c4 Nh5 17. Rh2 O-O-O 18. Kc3 c5 19. dxc5 Nxc5 20. Be3 Nd7 21. b4 Kb8 22. Be2 e5 23. Bd3 Nf8 24. a4 Ne6 25. a5 Nhf4 26. Bf1 Nd4 27. a6 b6 28. Rd2 Nxf3 29. Rf2 Nxh4 30. Bxf4 exf4 31. Rxf4 Nf5 32. Bd3 Rhe8 33. Bxf5 gxf5 34. b5 Re3+ 35. Kb4 Rdd3 36. Rxf5 Rb3+ 37. Ka4 Rbc3 38. Kb4 Rb3+ 1/2-1/2

[Event "18.Città di Padova Open A"]
[Site "Padova"]
[Date "2015.12.20"]
[Round "9.22"]
[White "Garcia Palermo, Carlos H"]
[Black "Loiacono, Leonardo"]
[Result "1-0"]
[WhiteElo "2457"]
[BlackElo "2052"]
[Annotator "Gabriele Ballarin"]
[PlyCount "81"]
[EventDate "2015.12.13"]
[EventType "swiss"]
[EventRounds "9"]
[EventCountry "ITA"]

1. d4 Nf6 2. Bg5 c5 3. Bxf6 gxf6 4. dxc5 Qa5+ 5. c3 Qxc5 6. g3 Bg7 7. Bg2 O-O 8. Nd2 f5 9. e4 d6 10. Ne2 fxe4 11. Nxe4 Qb6 12. Qc2 h6 13. Nf4 Qa5 14. O-O Nc6 15. Rfe1 Bf5 16. Rad1 Bh7 17. b4 Qe5 18. Nd5 a6 19. Qb3 Qh5 20. Nf4 Qb5 21. Nd5 Bxe4 22. Bxe4 Ne5 23. Nxe7+ Kh8 24. Nf5 Nf3+ 25. Bxf3 Qxf5 26. Bxb7 Ra7 27. Bd5 Rb8 28. a4 Qf6 29. Re3 Rc7 30. c4 h5 31. Rde1 Bh6 32. Rf3 Qd4 33. b5 axb5 34. axb5 Kg7 35. Qd3 Qb2 36. Kg2 Rf8 37. Qf5 Qd4 38. Re4 Qb2 39. Qxh5 Qd2 40. Rg4+ Kh7 41. Rf6 1-0

[Event "18.Città di Padova Open A"]
[Site "Padova"]
[Date "2015.12.20"]
[Round "9.23"]
[White "Gregori, Giacomo"]
[Black "Sorbera, Giovanni"]
[Result "1-0"]
[WhiteElo "2113"]
[BlackElo "2191"]
[Annotator "Gabriele Ballarin"]
[PlyCount "94"]
[EventDate "2015.12.13"]
[EventType "swiss"]
[EventRounds "9"]
[EventCountry "ITA"]

1. c4 c5 2. Nf3 Nc6 3. Nc3 Nd4 4. Ng1 g6 5. e3 Nf5 6. Nf3 Nf6 7. d4 cxd4 8. exd4 Bg7 9. Be2 O-O 10. Bg5 h6 11. Bf4 d5 12. O-O dxc4 13. Bxc4 Nd6 14. Bb3 b5 15. Ne5 Kh7 16. Qe2 b4 17. Na4 Bb7 18. Nc5 Bd5 19. Qd2 a5 20. Rfe1 Bxb3 21. axb3 Nd5 22. Bg3 Nf5 23. Red1 e6 24. Qd3 Rc8 25. Nb7 Qg5 26. Nxa5 Nxg3 27. Qxg3 Qe7 28. Nac4 Rfd8 29. h3 Nf6 30. Qf3 Rf8 31. Ra4 Nd5 32. Rda1 Rc7 33. Ra8 Rxa8 34. Rxa8 Bf6 35. g3 Kg7 36. Kg2 Rb7 37. Nd2 Bxe5 38. dxe5 Rb5 39. Ne4 Nc7 40. Qf6+ Qxf6 41. exf6+ Kh7 42. Ra7 Nd5 43. Rxf7+ Kg8 44. Rg7+ Kf8 45. Rxg6 Ra5 46. Rxh6 Kg8 47. Nd6 Ra8 1-0

[Event "18.Città di Padova Open A"]
[Site "Padova"]
[Date "2015.12.20"]
[Round "9.24"]
[White "Santeramo, Alessia Carmen"]
[Black "Loiacono, Antonio"]
[Result "1-0"]
[WhiteElo "2133"]
[BlackElo "2010"]
[Annotator "Gabriele Ballarin"]
[PlyCount "109"]
[EventDate "2015.12.13"]
[EventType "swiss"]
[EventRounds "9"]
[EventCountry "ITA"]

1. e4 c5 2. Nf3 e6 3. g3 Nc6 4. Bg2 Nf6 5. Qe2 Be7 6. O-O O-O 7. d3 d5 8. e5 Nd7 9. c4 Nb6 10. Bf4 f6 11. Na3 fxe5 12. Nxe5 Nd4 13. Qg4 Bf6 14. Rfe1 Nd7 15. Nxd7 Bxd7 16. Bd6 Be7 17. Bxe7 Qxe7 18. cxd5 Qf7 19. f4 exd5 20. Qg5 Be6 21. Nb5 Nf5 22. Nd6 Qd7 23. Nxf5 Rxf5 24. Bh3 Rxg5 25. Bxe6+ Qxe6 26. Rxe6 Rf5 27. Rae1 Kf8 28. Kg2 Rd8 29. Kf3 Rf7 30. h4 Rfd7 31. h5 h6 {=} 32. R1e5 Kf7 33. g4 b6 34. Re3 d4 35. Re1 c4 36. Rc6 cxd3 37. Rd1 d2 38. Rxd2 d3 39. Rc3 Kf6 40. Rc6+ Kf7 41. Rc4 Re8 42. Re4 Rc8 43. Re3 Rc2 44. Rexd3 Rxd3+ 45. Rxd3 Rxb2 46. Rd7+ Kf6 47. Rxa7 Rb4 48. Ra6 Kf7 49. a4 Ke7 50. g5 hxg5 51. fxg5 b5 52. Ra7+ Kf8 53. a5 Rh4 54. Rb7 Rxh5 55. a6 1-0

[Event "18.Città di Padova Open A"]
[Site "Padova"]
[Date "2015.12.20"]
[Round "9.25"]
[White "Lantini, Marco"]
[Black "Parrella, Alfredo"]
[Result "1-0"]
[WhiteElo "2083"]
[BlackElo "2097"]
[Annotator "Gabriele Ballarin"]
[PlyCount "57"]
[EventDate "2015.12.13"]
[EventType "swiss"]
[EventRounds "9"]
[EventCountry "ITA"]

1. d4 d6 2. Nf3 g6 3. g3 Nf6 4. Bg2 Bg7 5. O-O O-O 6. a4 a5 7. Nc3 c6 8. e4 Nfd7 9. Bg5 h6 10. Be3 Qc7 11. Qd2 Kh7 12. Rad1 Nb6 13. b3 Bg4 14. Ne2 Na6 15. Qxa5 Nd5 16. Qxc7 Ndxc7 17. h3 Bd7 18. Ne1 Rfb8 19. Nd3 Ne8 20. c4 Nac7 21. d5 c5 22. f4 Ra6 23. g4 b6 24. e5 Ra7 25. Bd2 Bc8 26. Bc3 Bf8 27. f5 gxf5 28. gxf5 f6 29. e6 1-0

[Event "18.Città di Padova Open A"]
[Site "Padova"]
[Date "2015.12.20"]
[Round "9.27"]
[White "Gallo, Enrico"]
[Black "Iasman, Inna"]
[Result "1-0"]
[WhiteElo "2044"]
[BlackElo "1843"]
[Annotator "Gabriele Ballarin"]
[PlyCount "95"]
[EventDate "2015.12.13"]
[EventType "swiss"]
[EventRounds "9"]
[EventCountry "ITA"]

1. e4 c6 2. d4 d5 3. exd5 cxd5 4. c4 Nf6 5. Nc3 e6 6. Nf3 Bb4 7. cxd5 Nxd5 8. Bd2 Nc6 9. Bd3 Be7 10. O-O O-O 11. Qb1 g6 12. Rd1 Bf6 13. Bh6 Bg7 14. Qc1 Re8 15. Bc4 Nxc3 16. bxc3 Na5 17. Bb5 Bd7 18. Bxd7 Qxd7 19. Bxg7 Kxg7 20. Ne5 Qc7 21. Ng4 Qe7 22. Qh6+ Kh8 23. Re1 f5 24. Ne5 Qg7 25. Qg5 Rac8 26. Re3 Nc4 27. Nxc4 Rxc4 28. Rae1 h6 29. Qg3 Qf6 30. Qd6 Rc6 31. Qd7 Re7 32. Qd8+ Kg7 33. d5 Rb6 34. c4 Qf7 35. c5 Re8 36. Qh4 Ra6 37. Qd4+ Qf6 38. Qb4 Rxa2 39. Qxb7+ Re7 40. Qb3 Rb2 41. Qc3 Rb8 42. h4 Ree8 43. d6 Rbd8 44. Qa3 Qxh4 45. c6 Qd4 46. Rd3 Qb6 47. d7 Rf8 48. Qc3+ 1-0

[Event "18.Città di Padova Open A"]
[Site "Padova"]
[Date "2015.12.20"]
[Round "9.28"]
[White "Kakumanu, Kunal"]
[Black "Di Chiara, Mauro"]
[Result "1/2-1/2"]
[WhiteElo "1918"]
[BlackElo "1933"]
[Annotator "Gabriele Ballarin"]
[PlyCount "26"]
[EventDate "2015.12.13"]
[EventType "swiss"]
[EventRounds "9"]
[EventCountry "ITA"]

1. e4 c5 2. Nf3 Nc6 3. Bb5 g6 4. Bxc6 dxc6 5. d3 Bg7 6. Nc3 Bg4 7. Be3 b6 8. h3 Bxf3 9. Qxf3 e5 10. Qg3 Ne7 11. O-O O-O 12. f4 exf4 13. Bxf4 f5 1/2-1/2

[Event "18.Città di Padova Open A"]
[Site "Padova"]
[Date "2015.12.20"]
[Round "9.29"]
[White "Quaranta, Cristiano"]
[Black "Belloni, Umberto"]
[Result "1-0"]
[WhiteElo "2112"]
[BlackElo "1827"]
[Annotator "Gabriele Ballarin"]
[PlyCount "84"]
[EventDate "2015.12.13"]
[EventType "swiss"]
[EventRounds "9"]
[EventCountry "ITA"]

1. e4 e6 2. d4 d5 3. Nc3 Ne7 4. Bg5 c6 5. Qd2 Nd7 6. O-O-O Nb6 7. e5 Qc7 8. f4 Nc4 9. Bxc4 dxc4 10. Bxe7 Bxe7 11. Nf3 h6 12. g4 b5 13. f5 Qa5 14. f6 gxf6 15. Qf4 f5 16. gxf5 b4 17. fxe6 Bxe6 18. Qe4 Bd5 19. Nxd5 cxd5 20. Qf5 Qxa2 21. Kd2 c3+ 22. bxc3 bxc3+ 23. Ke3 Qa6 24. Ra1 Qe6 25. Qxe6 fxe6 26. Ra6 Kd7 27. Rha1 Bg5+ 28. Kd3 Bd8 29. Rd6+ Ke7 30. Kxc3 Rc8+ 31. Kd3 Bb6 32. Nd2 Rcd8 33. Rxd8 Rxd8 34. Rg1 Kf7 35. Rf1+ Kg7 36. Rf6 Re8 37. c4 Bd8 38. Rf2 Re7 39. c5 Rb7 40. Rf1 Kg6 41. Rc1 Bg5 42. Rc2 Bd8 {Nur} 1-0